| 000 | 00834nam a2200253Ia 4500 | ||
|---|---|---|---|
| 008 | 160319s9999 xx 000 0 und d | ||
| 020 | _a9715693860 | ||
| 050 | _a263.925 | ||
| 050 | _b B352c 2000 | ||
| 100 | _aBautista, Benjamin Basildez G. | ||
| 245 | _aCuaresma / | ||
| 245 | _cmain texts by Benjamin Basilidez G. Bautista ... [et al.] ; edited by Gilda Cordero-Fernando, Fernando N. Zialcita ; photography by Noli I. Yamsuan, Jr. | ||
| 260 | _aMakati City : | ||
| 260 | _bBookmark Inc. | ||
| 260 | _c2000 | ||
| 300 | _a249 pages : | ||
| 300 | _bill. (some col.) ; | ||
| 300 | _c32 cm. | ||
| 650 | _aLent -- Philippines -- Pictorial works. | ||
| 650 | _aLent -- Philippines. | ||
| 700 | _aFernando, Gilda Cordero, 1930-, ed. | ||
| 700 | _aYamsuan, Noli I., ed. | ||
| 700 | _aZialcita, Fernando Nakpil, ed. | ||
| 999 |
_c292102 _d292102 |
||